000
00264nam a22001217a 4500
040
_c
SK
082
_a
664
100
_a
គា គីំអេង
245
_a
កែច្នៃផលនេសាទ
260
_a
RUA
_b
គា
_c
2011
300
_a
76p.
942
_c
KB
999
_c
9660
_d
9660